Statistics for Snakes and Lizards of Iowa

Click here to take the quiz!

General Stats

  • This quiz has been taken 15 times
    (14 since last reset)
  • The average score is 14 of 30

Answer Stats

Answer% Correct
Milk Snake
89%
Copperhead
78%
Common Garter Snake
67%
Eastern Hognose Snake
67%
Prairie Ringneck Snake
67%
Smooth Green Snake
67%
Timber Rattlesnake
67%
Western Hognose Snake
67%
Bullsnake
56%
Fox Snake
56%
Plains Garter Snake
56%
Redbelly Snake
56%
Black Rat Snake
44%
Brown Snake
44%
Graham's Crayfish Snake
44%
Ribbon Snake
44%
Slender Glass Lizard
44%
Smooth Earth Snake
44%
Copperbelly Water Snake
33%
Lined Snake
33%
Massasauga
33%
Northern Prairie Skink
33%
Northern Water Snake
33%
Racer
33%
Six-lined Racerunner
33%
Western Worm Snake
33%
Diamondback Water Snake
22%
Five-lined Skink
22%
Great Plains Skink
22%
Prairie Kingsnake
22%

Score Distribution

Percentile by Number Answered

Percent of People with Each Score

Your Score History

You have not taken this quiz since the last reset